| 000 | 00460nam a22001697a 4500 | ||
|---|---|---|---|
| 003 | BD-ChCU | ||
| 005 | 20251201105810.0 | ||
| 008 | 251201b bg ||||| |||| 00| 0 ben d | ||
| 040 | _cBD-ChCU | ||
| 082 | _a547.7815 STO | ||
| 100 |
_aStanek , Jaroslav . _917211 |
||
| 245 |
_aThe oligosaccharides ./ _cJaroslav , Stanek |
||
| 260 |
_aNew York : _bAcademic press , _cC 1965 |
||
| 300 | _a567p | ||
| 650 | 0 |
_aChemistry , Organic. _917212 |
|
| 942 |
_2ddc _cBK _n0 |
||
| 999 |
_c109991 _d109991 |
||